00860cam a22002174a 4500020002800000020003100028041000800059082001300067100002200080245005000102250002700152260004200179300002600221500004700247505014800294650001500442856005900457942000700516952010200523999001700625 a0800638891 (alk. paper) a9780800638894 (alk. paper) aENG00a200bDON1 aO'Donnell, Kevin,10aInside world religions : An Illustrated Guide a1st Fortress Press ed. aMinneapolis :bFortress Press,c2007. a192 p. :bcol. ill. ; aOriginally published: Oxford : Lion, 2006.0 aHinduism -- Buddhism -- Sikhism -- Judaism -- Christianity -- Islam -- Zoroastrianism and Baha'i -- Confucianism, Taoism and Shinto -- Jainism. 0aReligions.41uhttp://www.loc.gov/catdir/toc/ecip0620/2006028646.html cBK 00104070aHMIbHMIcGENd2025-08-12eDirectorl0o200 DONp11004142r2025-08-12w2025-08-12yBK c22828d22828